000 00341nam a2200145Ia 4500
003 OSt
008 191201s2015 xx 000 0 und d
082 _a658.4038
_bGHM
100 _aGHAI, Neha
245 0 _aManagement Information System
260 _aNew Delhi
_bS.K.Kataria
_c2015
300 _a271
650 _aB.Tech(ME)
942 _2ddc
_cBK
999 _c6741
_d6741